Αξιολόγηση καταλληλότητας γης με τη χρήση GIS και τηλεσκόπησης για το νησί της Λέσβου : μεταπτυχιακή διατριβή

Αποθηκεύτηκε σε:
Λεπτομέρειες βιβλιογραφικής εγγραφής
Κύριος συγγραφέας: Γκουγκουρέλας, Ιωάννης
Συγγραφή απο Οργανισμό/Αρχή: Πανεπιστήμιο Αιγαίου Σχολή Περιβάλλοντος Τμήμα Περιβάλλοντος Πρόγραμμα Μεταπτυχιακών Σπουδών Γεωργία και Περιβάλλον
Άλλοι συγγραφείς: Τσαμπούκου-Σκαναβή, Κωνσταντίνα (Εισηγητής διατριβής)
Μορφή: Thesis Βιβλίο
Γλώσσα:Greek
Δημοσίευση: 2007
Θέματα:
Διαθέσιμο Online:http://hdl.handle.net/11610/15374
Ετικέτες: Προσθήκη ετικέτας
Δεν υπάρχουν, Καταχωρήστε ετικέτα πρώτοι!

MARC

LEADER 00000cam a2200000 i 4500
001 1/80558
008 080404s2007 gre d
035 |l 10096243 
040 |a GR-MY-UA  |b gre  |e aacr 
041 0 |a gre 
082 0 |a 333.72  |2 (22) 
100 1 |a Γκουγκουρέλας, Ιωάννης. 
245 1 0 |a Αξιολόγηση καταλληλότητας γης με τη χρήση GIS και τηλεσκόπησης για το νησί της Λέσβου :  |b μεταπτυχιακή διατριβή /  |c Γκουγκουρέλας Ιωάννης ; υπεύθυνη καθηγήτρια Σκαναβή Κ. 
260 |c 2007 
300 |a 82 σ.;  |c 30 εκ. 
502 |a Διατριβή (μεταπτυχιακή) – Πανεπιστήμιο Αιγαίου, Λέσβος, 2007. 
504 |a Βιβλιογραφία: σ. 81-82 
650 0 0 |a Land use  |x Planning  |x Environmental aspects. 
650 0 0 |a Land use  |z Greece  |z Lesbos Island. 
650 0 0 |a Land use surveys  |z Greece  |z Lesbos Island. 
650 0 0 |a Land use  |x Planning  |x Case studies. 
650 0 0 |a Geographic information systems  |x Case studies. 
650 0 0 |a Remote sensing  |x Case studies. 
650 0 0 |a Dissertations, Academic  |z Greece. 
700 1 |a Τσαμπούκου-Σκαναβή, Κωνσταντίνα.  |4 ths 
710 2 |a Πανεπιστήμιο Αιγαίου  |b Σχολή Περιβάλλοντος  |b Τμήμα Περιβάλλοντος  |b Πρόγραμμα Μεταπτυχιακών Σπουδών Γεωργία και Περιβάλλον. 
852 |a INST  |b LESVOS  |c DIATR  |e 20080404  |h 165  |p 005100040025  |q 005100040025  |t MTXE  |y 23 
852 |a INST  |b LESVOS  |c DIATR  |e 20080404  |h 166  |p 005100040024  |q 005100040024  |t MTXE  |y 23 
856 |u http://hdl.handle.net/11610/15374 
901 |a BIBL1-2008-1 
909 |a Λ  |b 137774 
909 |a Λ  |b 137773 
924 |a ΓΚΟΥΓΚΟΥΡΕΛΑΣ  |b ΙΩΑΝΝΗΣ  |y ΛΕΣΒΟΣ  |z 2007-10 
970 |a ΤΖΑΦΕΡΗ  |b ΕΥΑΓΓΕΛΙΑ  |z 2008/04/04